MARC

Tag First Indicator Second Indicator Subfields
LEADER 00000cam a22000001a 4500
001 in00003759331
005 20190409170801.0
006 m o d f
007 cr bn mmmapmmp
008 040322s1915 dcu o f000 0 eng d
035 |a ebd1910705583 
040 |a UMI  |c UMI  |d UtOrBLW 
086 0 |a S 1.4/2:384 
086 0 |a S 1.4/2:392 
099 |a S1.4-2.384 
099 |a S1.4-2.392 
245 0 0 |a Cottonseed meal. 
264 1 |a Washington :  |b [publisher not identified],  |c 1915. 
300 |a 1 online resource (volume) 
336 |a text  |b txt  |2 rdacontent 
337 |a computer  |b c  |2 rdamedia 
338 |a online resource  |b cr  |2 rdacarrier 
490 0 |a State Dept. Spec. Instruction Consular Circ. No. 384 
500 |a [on request for consular reports]. 
500 |a Record is based on bibliographic data in ProQuest U.S. Executive Branch Documents, 1910-1932. Reuse except for individual research requires license from ProQuest, LLC. 
533 |a Electronic reproduction.  |b [Bethesda, Md.] :  |c ProQuest,  |d 2012.  |e digital, PDF file.  |n ProQuest U.S. Executive Branch Documents, 1910-1932.  |n Mode of access: World Wide Web via ProQuest website. 
538 |a System requirements: PDF reader software. 
500 |a Electronic resource. 
650 0 |a Animal feeding.  |0 http://id.loc.gov/authorities/subjects/sh87007869 
650 0 |a Oilseeds.  |0 http://id.loc.gov/authorities/subjects/sh85094421 
651 0 |a Latin America.  |0 http://id.loc.gov/authorities/subjects/sh85074879 
655 7 |a Electronic books.  |2 local 
710 1 |a United States.  |b Department of State.  |0 http://id.loc.gov/authorities/names/n80126198 
776 1 8 |i Microfiche version:  |t Cottonseed meal  |o CIS US Exec MF S1.4-2.384  |o CIS US Exec MF S1.4-2.392  |w (ProQuest)cis19173619 
856 4 0 |u http://proxy.library.tamu.edu/login?url=http://congressional.proquest.com/congressional/docview/t66.d71.s1.4-2.384  |z Connect to the full text of this electronic document  |t 0 
856 4 0 |u http://proxy.library.tamu.edu/login?url=http://congressional.proquest.com/congressional/docview/t66.d71.s1.4-2.392  |z Connect to the full text of this electronic document  |t 0 
999 f f |s 5b53f356-1b11-3803-8ddb-0832dad334b7  |i 19140b75-e36d-30b2-bfc4-f658675f03e0  |t 0 
952 f f |a Texas A&M University  |b College Station  |c Electronic Resources  |d Available Online  |t 0  |h No information provided 
998 f f |t 0  |l Available Online